000 00801nas a2200265 4500
001 BR0702478
003 BR-BrBNA
005 20231205110749.0
007 ta
008 230509b bl.|||p| |||| 00| 00por d
040 _aBR-BrBNA
_bpor
_cBiblioteca Nacional de Agricultura
041 _a(Pt)
072 _aF02
100 1 _aSilva, C.G.
100 1 _aDebiasi, C.
100 1 _aPescador, R.
245 1 _aEnraizamento in vitro e aclimatização de mudas micropropagadas de Aloe vera L.
650 _aBABOSA
650 _aPLANTA MEDICINAL
650 _aENRAIZAMENTO
650 _aMICROPROPAGAÇÃO
773 0 _tRevista Brasileira de Plantas Medicinais (Brazil)
_xISSN 1516-0572
_g(Feb 2007), v. 9(1) p. 29-35
_wBR0702478
909 _a202311
_bLúcia
_c55
_dLúcia Elande
942 _2AGRIS
_n0
_cANA
999 _c188939
_d188939